Normal view MARC view
  • Cinematografía

Entry Materia

Number of records used in: 76

001 - NÚMERO DE CONTROL DEL REGISTRO

  • campo de control: 2549

003 - IDENTIFICADOR DE NUMERO DE CONTROL

  • campo de control: MX-MxUPN

005 - FECHA Y HORA DE LA ÚLTIMA TRANSACCIÓN

  • campo de control: 20250925085207.0

008 - DATOS DE LONGITUD FIJA

  • campo de control de longitud fija: 221014nn annnnbabn a ana |d

035 ## - NÚMERO DE CONTROL DEL SISTEMA

  • Número de control del sistema: UPN10000002549

040 ## - FUENTE DE LA CATALOGACIÓN

  • Centro catalogador de origen: MX-MxUPN
  • Lengua de catalogación: spa
  • Agencia de transcripción: MX-MxUPN

046 ## - FECHAS CON CODIFICACIÓN ESPECIAL

  • Fecha final para contenidos agregados: 2022

150 ## - ENCABEZAMIENTO - TEMÁTICO

  • Término de materia o nombre geográfico como elemento inicial: Cinematografía

450 ## - VÉASE - MATERIA

  • Encabezamiento temático: Cine

550 ## - VÉASE ADEMÁS - MATERIA

  • Encabezamiento temático o nombre geográfico como elemento de entrada: PELICULAS CINEMATOGRAFICAS

670 ## - FUENTE EN LA QUE SE LOCALIZARON DATOS

  • Cita de la fuente: LC /P
  • Información localizada: Cinematography

680 ## - NOTA GENERAL CON DESPLIEGUE PÚBLICO

  • Texto explicativo: Aquí se asientan los trabajos sobre los aspectos técnicos de la elaboración de películas cinematográficas así como su proyección en una pantalla. Los trabajos generales sobre las películas cinematográficas, que incluyen a éstas como una forma artística, derechos de autor, distribución, edición, anuncios, producción, etc. se asienta bajo
  • Encabezamiento: PELICULAS CINEMATOGRAFICAS.
  • Texto explicativo: Los trabajos sobre los aspectos técnicos en la elaboración de videograbaciones, por ej., la creación y el almacenaje de imágenes en movimiento en una forma electrónica y su proyección en una pantalla, se asientan bajo
  • Encabezamiento: GRABACIONES EN CINTA DE VIDEO
  • Texto explicativo: Los trabajos sobre los aspectos artísticos en la elaboración de videograbaciones se asientan bajo
  • Encabezamiento: GRABACIONES EN CINTA DE VIDEO - PRODUCCION Y DIRECCION

681 ## - NOTA DE ENVÍO A EJEMPLOS DE ENCABEZAMIENTO TEMÁTICO

  • Texto explicativo: Nota bajo
  • Encabezamiento: PELICULAS CINEMATOGRAFICAS

902 ## - CATALOGADOR

  • Catalogador: LG/091096